[Event "FRA-ch U12 Girls"]
[Site "Le Grand Bornand"]
[Date "2007.04.??"]
[Round "4"]
[White "Bouveron, Clara"]
[Black "Vignette, Jeanne"]
[Result "1-0"]
[WhiteElo "1440"]
[BlackElo "1590"]
[PlyCount "59"]
[EventDate "2007.04.07"]
[EventType "swiss"]
[EventRounds "9"]
[EventCountry "FRA"]
[SourceTitle "CBM 118 Extra"]
[Source "ChessBase"]
[SourceDate "2007.07.04"]
[SourceVersion "1"]
[SourceVersionDate "2007.07.04"]
[SourceQuality "1"]

1. e4 e5 2. Nf3 Nc6 3. Nc3 Nf6 4. d4 exd4 5. Nxd4 Bc5 6. Nxc6 bxc6 7. Bg5 h6 8. Bh4 Qe7 9. Bd3 d5 10. Qe2 d4 11. Na4 Bb4+ 12. c3 dxc3 13. bxc3 Qe5 14. Rc1 Qf4 15. 0-0 Bxc3 16. Bg3 Bg4 17. f3 Bd4+ 18. Kh1 Qe3 19. fxg4 Qxe2 20. Bxe2 Nxe4 21. Bf3 Nxg3+ 22. hxg3 Rb8 23. Rcd1 Rb4 24. Bxc6+ Kf8 25. Rfe1 g6 26. Re8+ Kg7 27. Rxh8 Kxh8 28. a3 Rc4 29. Bb5 Rc5 30. Nxc5 1-0

[Event "FRA-ch U12 Girls"]
[Site "Le Grand Bornand"]
[Date "2007.04.??"]
[Round "2"]
[White "Griggio, Julie"]
[Black "Bouveron, Clara"]
[Result "1-0"]
[WhiteElo "1600"]
[BlackElo "1440"]
[PlyCount "115"]
[EventDate "2007.04.07"]
[EventType "swiss"]
[EventRounds "9"]
[EventCountry "FRA"]
[SourceTitle "CBM 118 Extra"]
[Source "ChessBase"]
[SourceDate "2007.07.04"]
[SourceVersion "1"]
[SourceVersionDate "2007.07.04"]
[SourceQuality "1"]

1. e4 e5 2. Nf3 Nc6 3. d4 exd4 4. Nxd4 Bc5 5. Nxc6 bxc6 6. Bd3 d5 7. Nd2 Nf6 8. Nb3 Be7 9. exd5 cxd5 10. Be3 Ng4 11. Bd4 Bf6 12. Qe2+ Qe7 13. Qxe7+ Kxe7 14. h3 Ne5 15. Be2 Bf5 16. 0-0-0 c6 17. g4 Bd7 18. Nc5 Bc8 19. f4 Nd7 20. Nxd7 Bxd7 21. Bc5+ Kd8 22. Ba6 Kc7 23. g5 Bd8 24. h4 Re8 25. Rhe1 f6 26. a4 Kb8 27. Bd6+ Bc7 28. Rxe8+ Bxe8 29. Re1 Bg6 30. Bxc7+ Kxc7 31. Re7+ Kb6 32. Bd3 Bxd3 33. cxd3 fxg5 34. fxg5 Rg8 35. h5 a5 36. Kc2 Kc5 37. Ra7 Kb6 38. Rf7 Kc5 39. Rd7 Kb4 40. b3 Kc5 41. Kc3 h6 42. d4+ Kb6 43. g6 Ka6 44. Re7 Kb6 45. b4 Ka6 46. bxa5 Kxa5 47. Rb7 Ka6 48. Rd7 Kb6 49. Kb4 Ka6 50. Kc5 Ra8 51. Rxg7 Ka5 52. Rf7 Kxa4 53. g7 Rg8 54. Kxc6 Kb4 55. Kxd5 Kb5 56. Ke6 Kc6 57. Kf6 Kd5 58. Rf8 1-0